|
|
|
|
| LEADER |
01560nam a2200265 i 4500 |
| 001 |
10064724 |
| 003 |
GR-PaULI |
| 005 |
20250313124035.0 |
| 008 |
071204s1994 gr g 1 gre d |
| 952 |
|
|
|0 0
|1 0
|2 ddc
|4 0
|6 391_009000000000000_ΒΡΕ
|7 0
|9 230721
|a THST
|b THST
|d 2019-03-12
|i 006967
|l 0
|o 391.009 ΒΡΕ
|p 025000016802
|r 2019-03-12 00:00:00
|t 1
|v 2019.00
|w 2019-03-12
|y BK15
|
| 999 |
|
|
|c 140166
|d 140166
|
| 020 |
|
|
|a 9602330171
|
| 040 |
|
|
|a GR-PaULI
|c gre
|b GR-PaULI
|e AACR2
|
| 082 |
0 |
4 |
|a 391.009
|2 23
|
| 245 |
0 |
0 |
|a Χειρόγραφα ενδυματολογικής λαογραφίας Πανεπιστημίου Ιωαννίνων :
|b συλλογή φοιτητών (1964-1992) /
|c Μαρίνα Βρέλλη - Ζάχου.
|
| 260 |
|
|
|a Ιωάννινα :
|b Πανεπιστήμιο Ιωαννίνων Επιστημονική Επετηρίδα Φιλοσοφικής Σχολής,
|c 1994.
|
| 300 |
|
|
|a 91 σ. ;
|c 25 εκ.
|
| 504 |
|
|
|a Περιέχει βιβλιογραφικές παραπομπές και ευρετήρια.
|
| 650 |
|
4 |
|a Λαογραφία
|z Ελλάδα
|z Ήπειρος
|9 25949
|
| 650 |
|
4 |
|a Ενδυμασίες
|z Ελλάδα
|9 107574
|x Ιστορία
|
| 700 |
1 |
4 |
|a Βρέλλη, Μαρίνα
|e επιμελήτρια
|9 57855
|
| 710 |
2 |
|
|a Πανεπιστήμιο Ιωαννίνων
|b Φιλοσοφική Σχολή
|9 171876
|
| 830 |
|
0 |
|a Επιστημονική επετηρίδα Φιλοσοφικής Σχολής Πανεπιστημίου Ιωαννίνων "Δωδώνη"
|v 54
|9 159439
|
| 942 |
|
|
|2 ddc
|c BK15
|
| 998 |
|
|
|c ΜΑΝΙΑ
|d 2019-03
|